The Artist's Handbook of Materials and Techniques : (Record no. 584115)

MARC details
000 -LEADER
fixed length control field 00475nam a2200193 a 4500
008 - FIXED-LENGTH DATA ELEMENTS--GENERAL INFORMATION
fixed length control field 250826s1991##################000#0#eng##
020 ## - INTERNATIONAL STANDARD BOOK NUMBER
ISBN 9780670837014
082 04 - DEWEY DECIMAL CLASSIFICATION NUMBER
Classification number 751
Item number MAY
100 1# - MAIN ENTRY--AUTHOR NAME
Personal name Mayer, Ralph,
245 10 - TITLE STATEMENT
Title The Artist's Handbook of Materials and Techniques :
260 ## - PUBLICATION, DISTRIBUTION, ETC. (IMPRINT)
Name of publisher Viking,
Year of publication 1991.
300 ## - PHYSICAL DESCRIPTION
Number of Pages 792 pages
650 #0 - SUBJECT ADDED ENTRY--TOPICAL TERM
Topical Term Art.
942 ## - ADDED ENTRY ELEMENTS (KOHA)
Koha item type English Books
Holdings
Withdrawn status Lost status Damaged status Not for loan Home library Current library Shelving location Date acquired Full call number Accession Number Price effective from Koha item type
        Anna Centenary Library Anna Centenary Library 6TH FLOOR, B WING 26.08.2025 751 MAY 410357 26.08.2025 English Books

Find us on the map